Responses for Show #8671 - Monday, June 27, 2022

Contestants

[<< previous game]

Emma Henke, a writer from Madison, Wisconsin

Armand Sanchez, a high school teacher from San Jose, California

Joe Feldmann, a technology professional from Bethesda, Maryland (whose 1-day cash winnings total $22,900)

[next game >>]

Jeopardy! Round responses

F1 GRAND PRIX SITES
I SPEAK FOR THE TREES
BUSINESS NAMES
SUMMER'S HERE
MORE THAN ONE MEANING
FEELING SCIENCE-"E"
(Mayim: Responses start with "E".)
    $200 26
the Indy 500

Joe
    $200 1
The Lorax

Armand
    $200 16
Gallo

Joe
    $200 19
fireworks

Joe
    $200 15
(Armand: Fee.)
(Mayim: No.)
(Armand: What is--)

interest

JoeArmand
    $200 8
an embryo

Emma
    $400 27
Singapore

Emma
    $400 5
Robert Frost

Emma
    $400 17
General Motors

Joe
    $400 14
lobster

Emma
    $400 22
tackle

Armand
    $400 10
electron

Armand
    $600 28
Sochi

Armand
    $600 6
As You Like It

Emma
    $600 18
Estée Lauder

Armand
    $600 2
intern

Armand
    $600 23
stern

Emma
    $600 12
epidermis

Armand
    $800 29
Azerbaijan

Joe
    $800 7
A Tree Grows in Brooklyn

Joe
    $800 20
Lamborghini

Joe
    $800 3
surfing

Armand
    $800 24
channel

Triple Stumper
    $2,000 11
endorphins

Armand
    $1000 30
Hamilton

Joe
    $1000 9
Evangeline

Emma
    $1000 21
Bayer

Emma
    $1000 4
Fresh Air

Joe
    $1000 25
sanction

Joe
    $1000 13
estivation

Triple Stumper

Scores at the first commercial break (after clue 15):

Joe Armand Emma
$2,000 $4,400 $2,600

Scores at the end of the Jeopardy! Round:

Joe Armand Emma
$6,600 $6,000 $4,600

Double Jeopardy! Round responses

ART LOVERS
SOUTHERN CAPITALS
THE NATIONAL LEAGUE
FEMALE FOUNDERS
BOOKS & THEIR MOVIES
ENDS IN "S-T-Y"
    $400 6
Orpheus

Emma
    $400 23
Baton Rouge

Triple Stumper
    $400 11
France

Emma
    $400 12
(Armand: What is museum?)
(Mayim: More specific?)

an art museum

Armand
    $400 1
Forrest Gump

Emma
    $400 20
honesty

Emma
    $800 7
(Joe: Who is Monet?)

van Gogh

JoeEmma
    $800 24
Jackson

Joe
    $800 13
the Monroe Doctrine

Emma
    $800 17
(Coretta Scott) King

Armand
    $800 2
The English Patient

Joe
    $800 21
dynasty

Joe
    $3,000 8
Harmony

Emma
    $1200 25
(Emma: What is Columbia?)
(Armand: What is Richmond?)

Montgomery

ArmandEmma
Triple Stumper
    $1200 14
Persia (the Persian Empire)

Joe
    $1200 28
Billie Jean King

Armand
    $1200 3
[Joe does not include "The" in his response.]

The Grapes of Wrath

Joe
    $1200 18
(Joe: What is feisty?)

bloodthirsty

JoeArmand
    $1600 9
Tristan & Isolde

Emma
    $1600 26
Tallahassee

Triple Stumper
    $1600 15
(Joe: What is National Socialism?)

Communist Party

Joe
Triple Stumper
    $1600 29
Margaret Sanger

Emma
    $1600 4
(Armand: What is The Duel?)

The Last Duel

ArmandEmma
    $1600 19
rhinoplasty

Emma
    $2000 10
the Pre-Raphaelite Brotherhood

Triple Stumper
    $2000 27
Columbia

Joe
    $2000 16
(Emma: What is France?)

Italy

JoeEmma
    $2000 30
the League of Women Voters

Armand
    $3,000 5
(Emma: What is...)

No Country for Old Men

Emma
    $2000 22
(Armand: Sacostry. Sa--[*].)
...
(Mayim: Armand, your response was correct, but you forgot your phrasing and we do need that in Double Jeopardy!)

sacristy

Armand
Triple Stumper

Scores at the end of the Double Jeopardy! Round:

Joe Armand Emma
$11,800 $6,800 $11,000

[wagering suggestions for these scores]

Final Jeopardy! Round responses

THE WORLD OF TODAY
(Mayim: [To Joe] A term coined by evolutionary biologist Richard Dawkins.)
ArmandWhat um?
$5,000
EmmaWhat is thought
$4,000
JoeWhat is a meme?
$10,300
meme

Final scores:

Joe Armand Emma
$22,100 $1,800 $7,000
2-day champion: $45,000 3rd place: $1,000 2nd place: $2,000

Game dynamics:

Coryat scores:

Joe Armand Emma
$11,800 $5,600 $12,200
18 R,
3 W
14 R
(including 1 DD),
4 W
19 R
(including 1 DD),
3 W
(including 1 DD)

Combined Coryat: $29,600

[game clues] [game scores] [suggest correction]

Game tape date: 2022-04-29
The J! Archive is created by fans, for fans. Scraping, republication, monetization, and malicious use prohibited; this site may use cookies and collect identifying information. See terms. The Jeopardy! game show and all elements thereof, including but not limited to copyright and trademark thereto, are the property of Jeopardy Productions, Inc. and are protected under law. This website is not affiliated with, sponsored by, or operated by Jeopardy Productions, Inc. Join the discussion at JBoard.tv.